000 03747nam a2200349 a 4500
003 CHAP
005 20230328085937.0
007 ta
008 190523s2019 mx abdofr| ||1|||spa d
040 _amxchpua
_cCHAP
050 1 0 _aC HD9014.M63
_b.P36 2019
082 0 0 _aC 630.972
_bP36 2019
_220
110 _9162096
_aServicio de Información Agroalimentaria y Pesquera (SIAP)
245 1 0 _aPanorama agroalimentario 2019 /
_cServicio de información Agroalimentaria y Pesquera
250 _a1a edición
260 _aCiudad de México :
_bServicio de Información Agroalimentaria y Pesquera,
_c2018.
264 _aMéxico :
_bSADER. Servicio de Información Agroalimentaria y Pesquera,
_c2019
300 _a213 páginas :
_bilustraciones, gráficas, mapas y fotos
336 _2rdacontent
_atexto
_btxt
337 _2rdamedia
_asinmedia
_bn
338 _2rdacarrier
_avolumen
_bnc
504 _aBibliografía: página 205
520 2 _aEn la transformación que el Gobierno de México ha propuesto, los sistemas de información del Estado son bienes públicos vitales para la sociedad, y para ello hay que democratizar el uso de la información, que llegue a todos los productores y que a todos les ayude a mejorar. El Servicio de Información Agroalimentaria y Pesquera (SIAP) presentó el Panorama Agroalimentario 2019. Comprobando una vez más la importancia de generar información, eficientando los tiempos entre la captación de datos y su difusión. El Panorama Agroalimentario 2019 pone de manifiesto el esfuerzo y dedicación de más de 6.7 millones de mexicanos que durante cada jornada siembran, cuidan el ganado, pescan y cosechan sus frutos. Esta publicación es fundamental para el sector primario de nuestro país. Recopila, analiza, sintetiza y difunde información de las principales variables agropecuarias y pesqueras de 75 productos mexicanos de impacto nacional e internacional que posicionan a México como la 8ª potencia exportadora de alimentos. Desde 2012, México monitorea las actividades agrícolas, pecuarias y pesqueras, mediante imágenes satelitales obtenidas a través de la Estación de Recepción México, conocida como la ERMEX. Con la información estadística y las aplicaciones geoespaciales se contribuye a orientar las decisiones nacionales basadas en el conocimiento geográfico de los entornos de este gran país. Este progreso en la transformación productiva del campo y los mares mexicanos se refleja en un superávit de la balanza comercial del país de 6 mil 420 millones de dólares, lo que representa un crecimiento de 6.7% en el valor de las exportaciones de 2017 a 2018. Así, México se posiciona en el décimo primer lugar en producción de alimentos a nivel global. El éxito exportador alimentario de México se sustenta en la variedad de productos que ofrece a más de 160 países alrededor del mundo. El país ocupa el primer lugar en exportación de cerveza, aguacate, tequila y jitomate; y segundo lugar en chile, coliflor y brócoli entre otros. No cabe duda de la riqueza de nuestro campo, por lo que hoy se trabaja, más fuerte que nunca, para hacerlo más productivo, inclusivo y sustentable para alimentar a México.
650 1 3 _aAlimentos
_xEstadísticas
_zMéxico
_9135721
650 1 3 _aFoods
_xStatistics
_zMexico
_9156172
651 1 3 _9160652
_aMéxico
_xAgricultura
_xEstadísticas
651 1 3 _9186478
_aMexico
_xAgriculture
_xStatistics
710 1 _aSecretaría de Agricultura y Desarrollo Rural (SADER)
_9186552
_bServicio de Información Agroalimentaria y Pesquera (SIAP)
856 4 0 _uhttps://nube.siap.gob.mx/gobmx_publicaciones_siap/pag/2019/Atlas-Agroalimentario-2019
_yDescargar PDF
901 _a630.972 P36 2019
942 _cLIBRO
_2ddc
999 _c218578
_d218578